The Tale Of The Dead Princess & The Seven Knights (Record no. 1255536)

MARC details
000 -LEADER
fixed length control field 00554nam a2200193Ia 4500
008 - FIXED-LENGTH DATA ELEMENTS--GENERAL INFORMATION
fixed length control field 151121s9999||||xx |||||||||||||| ||und||
082 ## - DEWEY DECIMAL CLASSIFICATION NUMBER
Classification number C। S।
082 ## - DEWEY DECIMAL CLASSIFICATION NUMBER
Item number HNW-74082
100 ## - MAIN ENTRY--PERSONAL NAME
Personal name Alexzander Pushkin
245 #4 - TITLE STATEMENT
Title The Tale Of The Dead Princess & The Seven Knights
260 ## - PUBLICATION, DISTRIBUTION, ETC. (IMPRINT)
Name of publisher, distributor, etc progress।
260 ## - PUBLICATION, DISTRIBUTION, ETC. (IMPRINT)
Date of publication, distribution, etc --
300 ## - PHYSICAL DESCRIPTION
Extent 34
600 ## - SUBJECT ADDED ENTRY--PERSONAL NAME
Personal name Alexzander Pushkin
630 ## - SUBJECT ADDED ENTRY--UNIFORM TITLE
Uniform title The Tale Of The Dead Princess & The Seven Knights
700 ## - ADDED ENTRY--PERSONAL NAME
Personal name Alexzander Pushkin
730 ## - ADDED ENTRY--UNIFORM TITLE
Uniform title The Tale Of The Dead Princess & The Seven Knights
942 ## - ADDED ENTRY ELEMENTS (KOHA)
Koha item type Book
Holdings
Withdrawn status Lost status Damaged status Not for loan Home library Current library Date acquired Cost, normal purchase price Total Checkouts Full call number Barcode Date last seen Cost, replacement price Price effective from Koha item type
        Hirachand Nemchand Wachanalaya, Solapur Hirachand Nemchand Wachanalaya, Solapur 11/21/2015 0.00   HNW-74082 HNW-74082 11/21/2015 0.00 11/21/2015 Book